Julián Volio Llorente (1827-1889) /

Wedi'i Gadw mewn:
Manylion Llyfryddiaeth
Prif Awdur: Rodríguez Vega, Eugenio
Fformat: Texto
Tagiau: Ychwanegu Tag
Dim Tagiau, Byddwch y cyntaf i dagio'r cofnod hwn!

MARC

LEADER 00000 a a2200000 04500
001 46442
003
040
100 |a Rodríguez Vega, Eugenio  
245 |a Julián Volio Llorente (1827-1889) /  |c Eugenio Rodríguez Vega  
773 |g volumen30 (2006), páginas 23-31  
999 |c 21557  |d 21557